| 000 | 00420nam a2200145Ia 4500 | ||
|---|---|---|---|
| 008 | 230917s9999||||xx |||||||||||||| ||und|| | ||
| 040 |
_e251495 _aMAIN |
||
| 041 | _aEnglish | ||
| 082 | _a576 S64B | ||
| 100 | _aSingha, Tapan Kumar | ||
| 245 | 0 | _aBioprocess studies for production of recombinant human tumor necrosis factor alpha (rhTNF-alpha) in escherichia coli | |
| 260 | _c2018 | ||
| 300 | _a188 p. | ||
| 942 | _cTH | ||
| 999 |
_c128158 _d128158 |
||